[Event "BL2 West 1920 (Women)"]
[Site "Germany"]
[Date "2019.12.15"]
[Round "4.2"]
[White "Rogozenco, Ileana"]
[Black "Miljkovic, Jovana"]
[Result "0-1"]
[WhiteElo "2056"]
[BlackElo "2015"]
[PlyCount "78"]
[EventDate "2019.09.14"]
[EventType "team-tourn"]
[EventRounds "7"]
[EventCountry "GER"]
[SourceTitle "EXT 2021"]
[Source "ChessBase"]
[SourceDate "2020.10.23"]
[SourceVersion "1"]
[SourceVersionDate "2020.10.23"]
[SourceQuality "1"]
[WhiteTeam "Hamburger SK (W) II"]
[BlackTeam "Steinfurt (W)"]
[WhiteTeamCountry "GER"]
[BlackTeamCountry "GER"]

1. e4 c5 2. Nf3 d6 3. d4 cxd4 4. Nxd4 Nf6 5. Nc3 a6 6. g3 e5 7. Nb3 Be7 8. Bg2 0-0 9. 0-0 Be6 10. a4 Nc6 11. h3 Rc8 12. Be3 Nb4 13. f4 Re8 14. a5 exf4 15. gxf4 Nc6 16. Bb6 Qd7 17. Kh2 Bf8 18. Nd4 Nxd4 19. Bxd4 Qe7 20. Qd2 Nh5 21. f5 Bc4 22. Rf3 Qc7 23. Qg5 d5+ 24. Kh1 dxe4 25. Re3 Qd8 26. Qxh5 Qxd4 27. Rxe4 Rxe4 28. Bxe4 Qe5 29. Qg4 Rd8 30. Qg2 Qf4 31. Nd5 Bxd5 32. Bxd5 Bc5 33. c4 Re8 34. Rd1 Qh4 35. Bxf7+ Kxf7 36. Qd5+ Kf6 37. Qxc5 Qxh3+ 38. Kg1 Qg3+ 39. Kf1 Qf3+ 0-1

[Event "BL2 West 1819 (Women)"]
[Site "Germany"]
[Date "2019.01.12"]
[Round "6.2"]
[White "Benzen, Marthe"]
[Black "Rogozenco, Ileana"]
[Result "0-1"]
[WhiteElo "1992"]
[BlackElo "2042"]
[PlyCount "70"]
[EventDate "2018.10.27"]
[EventType "team-tourn"]
[EventRounds "7"]
[EventCountry "GER"]
[SourceTitle "CBM 190 Extra"]
[Source "ChessBase"]
[SourceDate "2019.07.15"]
[SourceVersion "1"]
[SourceVersionDate "2019.07.15"]
[SourceQuality "1"]
[WhiteTeam "Kiel Doppelbauer (W)"]
[BlackTeam "Hamburger SK (W) II"]
[WhiteTeamCountry "GER"]
[BlackTeamCountry "GER"]

1. e4 c5 2. Nc3 d6 3. g3 g6 4. Bg2 Bg7 5. f4 e6 6. d3 Nc6 7. Be3 Nf6 8. Nf3 0-0 9. h3 a6 10. 0-0 b6 11. e5 Nd5 12. Nxd5 exd5 13. d4 Re8 14. c3 Bf5 15. Ng5 Ne7 16. g4 Bc8 17. dxc5 dxc5 18. c4 h6 19. Nxf7 Kxf7 20. cxd5 Ng8 21. e6+ Kf8 22. Qd3 Bxe6 23. Rad1 Bf7 24. f5 g5 25. b4 cxb4 26. d6 Ra7 27. Bc6 Re5 28. Bd4 Rc5 29. Bxc5 bxc5 30. Qc2 Qb6 31. Qa4 Bd4+ 32. Kh1 Nf6 33. Rfe1 Bxa2 34. d7 Nxd7 35. Bxd7 Bd5+ 0-1

[Event "GER-chT Federal Cup (Women)"]
[Site "Braunfels"]
[Date "2018.06.01"]
[Round "2.8"]
[White "Froehlich Dill, Astrid"]
[Black "Rogozenco, Ileana"]
[Result "0-1"]
[WhiteElo "1856"]
[BlackElo "2021"]
[PlyCount "148"]
[EventDate "2018.05.31"]
[EventType "team-swiss"]
[EventRounds "5"]
[EventCountry "GER"]
[SourceTitle "EXT 2020"]
[Source "ChessBase"]
[SourceDate "2019.10.17"]
[SourceVersion "1"]
[SourceVersionDate "2019.10.17"]
[SourceQuality "1"]
[WhiteTeam "Hessen (W)"]
[BlackTeam "Hamburg (W)"]
[WhiteTeamCountry "GER"]
[BlackTeamCountry "GER"]

1. d4 d5 2. Nf3 c6 3. e3 Bf5 4. c4 Nf6 5. Nc3 a6 6. c5 Nbd7 7. Bd2 Qc7 8. Nh4 Be4 9. Nxe4 Nxe4 10. Bd3 Nef6 11. Nf3 g6 12. 0-0 Bg7 13. h3 0-0 14. Qc2 Rfe8 15. Bc3 Nh5 16. g4 Nhf6 17. b4 Nf8 18. Ne5 N6d7 19. f4 Rad8 20. Rf3 f6 21. Nxd7 Qxd7 22. Raf1 e6 23. Qg2 Qc7 24. h4 e5 25. fxe5 fxe5 26. Qf2 e4 27. Rf7 Rd7 28. Rxd7 Qxd7 29. Be2 Re7 30. g5 Qh3 31. Be1 h6 32. Qg3 Qxg3+ 33. Bxg3 hxg5 34. hxg5 Ne6 35. Bd6 Re8 36. a4 Nxg5 37. b5 axb5 38. axb5 Bh6 39. bxc6 bxc6 40. Ra1 Nf7 41. Bf4 Bxf4 42. exf4 Nd8 43. Kf2 Ne6 44. Ke3 Rb8 45. Bd1 Rb4 46. Ra4 Rb1 47. Bc2 Rb2 48. Bd1 Rb1 49. Bc2 Rh1 50. Ra8+ Kf7 51. Ba4 Rh3+ 52. Kf2 Nxd4 53. Rc8 Rf3+ 54. Ke1 Rxf4 55. Bxc6 Nxc6 56. Rxc6 Rf6 57. Rc8 Ke7 58. c6 Kd6 59. c7 Rf5 60. Rg8 Kxc7 61. Rxg6 Kd7 62. Ke2 d4 63. Rg4 Re5 64. Rg6 Re6 65. Rg5 Kd6 66. Ra5 Re8 67. Kf2 Rc8 68. Kg3 Rc5 69. Ra8 Kd5 70. Rd8+ Kc4 71. Kf4 Kd3 72. Ra8 e3 73. Ra3+ Rc3 74. Ra2 e2 0-1

[Event "GER-ch int (Women)"]
[Site "Erfurt"]
[Date "2014.08.29"]
[Round "7"]
[White "Georgescu, Lena"]
[Black "Rogozenco, Ileana"]
[Result "1-0"]
[WhiteElo "1969"]
[BlackElo "2033"]
[PlyCount "67"]
[EventDate "2014.08.25"]
[EventType "swiss"]
[EventRounds "9"]
[EventCountry "GER"]
[SourceTitle "CBM 162 Extra"]
[Source "ChessBase"]
[SourceDate "2014.10.17"]
[SourceVersion "1"]
[SourceVersionDate "2014.10.17"]
[SourceQuality "1"]

1. e4 d6 2. Nc3 Nf6 3. f4 g6 4. Nf3 Bg7 5. Bc4 0-0 6. d3 c6 7. Bb3 Na6 8. 0-0 Nc5 9. Qe1 b5 10. f5 a5 11. a4 Nxb3 12. cxb3 b4 13. Ne2 gxf5 14. Qh4 e5 15. exf5 Bxf5 16. Bh6 Bxd3 17. Bxg7 Kxg7 18. Ng3 Bg6 19. Ng5 h6 20. Nh3 Ne4 21. Nh5+ Kh7 22. Nf6+ Nxf6 23. Rxf6 Kg7 24. Raf1 Qb6+ 25. Nf2 Rad8 26. Kh1 Qd4 27. Ng4 h5 28. Rxg6+ fxg6 29. Qe7+ Kg8 30. Nf6+ Rxf6 31. Qxd8+ Kh7 32. Qe7+ Kh6 33. Qxf6 Qd3 34. h4 1-0

[Event "GER-ch int (Women)"]
[Site "Erfurt"]
[Date "2014.08.25"]
[Round "1"]
[White "Kurzenberger, Stefanie"]
[Black "Rogozenco, Ileana"]
[Result "0-1"]
[WhiteElo "1354"]
[BlackElo "2033"]
[PlyCount "122"]
[EventDate "2014.08.25"]
[EventType "swiss"]
[EventRounds "9"]
[EventCountry "GER"]
[SourceTitle "CBM 162 Extra"]
[Source "ChessBase"]
[SourceDate "2014.10.17"]
[SourceVersion "1"]
[SourceVersionDate "2014.10.17"]
[SourceQuality "1"]

1. e4 c5 2. Nf3 e6 3. Nc3 a6 4. d4 cxd4 5. Nxd4 Qc7 6. a3 b5 7. g3 Bb7 8. Bg2 Nf6 9. 0-0 d6 10. Bg5 Nbd7 11. Re1 Be7 12. Qd2 0-0 13. Bh3 Rfe8 14. Bxe6 fxe6 15. Nxe6 Qc4 16. Nd4 Ne5 17. Rad1 Qf7 18. Qf4 Ng6 19. Qf5 Bc8 20. Qf3 Bg4 21. Qd3 Bxd1 22. Rxd1 Ng4 23. Qf3 Nxf2 24. Qxf7+ Kxf7 25. Kxf2 Bxg5 26. Nf5 Red8 27. Nd5 Ne5 28. h4 Bf6 29. Nxf6 Kxf6 30. b3 Rac8 31. Rd2 Rc3 32. Ne3 Rc6 33. Nd5+ Kf7 34. Nb4 Rb6 35. Nd5 Rb7 36. Ke3 Nd7 37. Rf2+ Nf6 38. g4 Ke6 39. Nf4+ Ke7 40. Rg2 d5 41. exd5 Nxd5+ 42. Kf3 Rf8 43. Re2+ Kd7 44. Re4 Rxf4+ 45. Rxf4 Nxf4 46. Kxf4 Rc7 47. Kf5 Rxc2 48. g5 Ke7 49. h5 Rc3 50. a4 b4 51. Ke5 Rxb3 52. g6 h6 53. Kd4 Rc3 54. a5 Rc7 55. Ke3 b3 56. Kf2 b2 57. Kf3 b1Q 58. Kf4 Rc4+ 59. Ke3 Qb3+ 60. Kd2 Rc2+ 61. Kd1 Qb1# 0-1